[Event "Titled Tuesday intern op 09th Jul Late"]
[Site "Chess.com INT"]
[Date "2024.07.09"]
[Round "2"]
[White "Daskevics, Vadims"]
[Black "Novikova, Margarita"]
[Result "0-1"]
[WhiteElo "2445"]
[BlackElo "1991"]
[PlyCount "48"]
[EventDate "2024.07.09"]
[EventType "swiss (blitz)"]
[EventRounds "11"]
[EventCountry "USA"]
[SourceTitle "EXT 2025"]
[Source "ChessBase"]
[SourceDate "2024.10.14"]
[SourceVersion "1"]
[SourceVersionDate "2024.10.14"]
[SourceQuality "1"]

1. e4 e5 2. Nf3 Nf6 3. Nxe5 d6 4. Nf3 Nxe4 5. Nc3 Nxc3 6. dxc3 Bf5 7. Be3 Nd7 8. Qd2 Nf6 9. 0-0-0 Qd7 10. Nd4 Bg6 11. Bc4 a6 12. Rhe1 0-0-0 13. Bg5 Be7 14. Qe2 Rhe8 15. Bxa6 Nd5 16. Bxe7 Rxe7 17. Qf1 Rxe1 18. Rxe1 c5 19. Bb5 Qc7 20. Nf3 Qa5 21. Qg1 Qxb5 22. Nd2 Qa4 23. Nb3 Qxa2 24. g4 Nxc3 0-1

[Event "Titled Tuesday intern op 09th Jul Late"]
[Site "Chess.com INT"]
[Date "2024.07.09"]
[Round "1"]
[White "Schmakel, Sam A"]
[Black "Daskevics, Vadims"]
[Result "1-0"]
[WhiteElo "2442"]
[BlackElo "2445"]
[PlyCount "93"]
[EventDate "2024.07.09"]
[EventType "swiss (blitz)"]
[EventRounds "11"]
[EventCountry "USA"]
[SourceTitle "EXT 2025"]
[Source "ChessBase"]
[SourceDate "2024.10.14"]
[SourceVersion "1"]
[SourceVersionDate "2024.10.14"]
[SourceQuality "1"]

1. d4 Nf6 2. Bg5 d5 3. Nd2 Nbd7 4. e3 g6 5. Ngf3 Bg7 6. Bd3 0-0 7. 0-0 c5 8. c3 b6 9. e4 dxe4 10. Nxe4 Bb7 11. Qe2 cxd4 12. Nxd4 a6 13. Rfe1 Qc7 14. Rad1 e6 15. h3 b5 16. Nxf6+ Nxf6 17. Bc2 Rfe8 18. Bb3 Kh8 19. a3 Bd5 20. Bxf6 Bxf6 21. Bxd5 exd5 22. Qd3 Qc4 23. Qd2 Rxe1+ 24. Rxe1 Bxd4 25. cxd4 Rc8 26. Qf4 Kg7 27. h4 Qc6 28. h5 h6 29. hxg6 Qxg6 30. Qe5+ Qf6 31. Qg3+ Kh8 32. Re5 Rg8 33. Qe3 Qg6 34. g3 Rc8 35. Rxd5 Kh7 36. Re5 Rc4 37. d5 Qb1+ 38. Kg2 Qxb2 39. Rf5 Qg7 40. d6 Qg6 41. Rd5 Rc6 42. d7 Rd6 43. d8Q Rxd8 44. Rxd8 Qc6+ 45. Qf3 Qc7 46. Qf6 Qb7+ 47. Kh2 1-0